Bankzitters Quiz - Statistics

General Stats
  • This quiz has been taken 1,071 times
  • The average score is 5 of 15
Answer Stats
Question Answer % Correct
Met wie vergelijkt Koen zijn AMG in 'NIKS'? Katja Schuurman
75%
Waar is Koen geboren? Haarlem
62%
Wie viel er als eerst af bij de Bankzitters eetwedstrijd? Koen
62%
Wie had het hoogste cijfer in de Bankzitters cito video? Matthy
47%
Wat was Matthy zijn twitter naam voor Fifalosophy? matthyyy
42%
Welke video stond voor NIKS nummer 1 op trending? Sidemen Tinder in Real Life 2
36%
Welke bankzitter zijn diss track heeft de meeste views? (naast die van Matthy) Raoul
35%
Welke bankzitter in Matthy's Mysterie wist niet wat de clue was terwijl die in een video van zichzelf zat? Mathijs
31%
Welk kanaal had Mark voor HartDynasty? ThatOneFifaDude
29%
Welke van deze bankzitters komt uit Zuid-Holland? Mark
28%
Wie noemde zich vanwege een misverstand een keer zichzelf de beste bankzitter? Mathijs
26%
Met wie werd Ezra (Minilosophy) vergeleken in een interview? Rick Karsdorp
24%
Wie gooide met zijn hoed in Milo's gezicht in de Bankzitters inburgeringscursus video? Koen
21%
Wie had de diss track van Milo geleakt? Tom Kroon
20%
Wie zijn kanaal is het oudst? DNPNL
9%
No matching quizzes found
Score Distribution
Percent of People with Each Score
Percentile by Number Answered
Your Score History
You have not taken this quiz